000 00399nam a2200133Ia 4500
008 220217s9999||||xx |||||||||||||| ||und||
020 _a81-203-1956-7
082 _a621.395 NAI
100 _aNair, B. Somanathan
_92877
245 0 _aDigital electronics and logic design
260 _aPrentice hall of india private Ltd.
_bDelhi
_c2002
300 _b225
650 _aDIGITAL DESIGN/LOGIC DESIGN
999 _c171532
_d171532